|
|
|
|
| LEADER |
01148nam a22002777a 4500 |
| 001 |
34832 |
| 003 |
BD-DhAAL |
| 005 |
20250807145425.0 |
| 008 |
190722r20191990bg ||||| |||| 00| 1 ben d |
| 020 |
|
|
|a 9844580447
|
| 040 |
|
|
|a BD-DhAAL
|d BD-DhAAL
|
| 041 |
|
|
|a ben
|
| 082 |
|
|
|2 23
|a 891.44371
|
| 100 |
|
|
|a আহমেদ, হুমায়ূন
|9 32976
|
| 245 |
|
|
|a এলেবেলে.
|n [প্রথম পর্ব] /
|c হুমায়ূন আহমেদ.
|
| 246 |
|
|
|a Elebele (1st part)
|
| 260 |
|
|
|a ঢাকা :
|b সময় প্রকাশন,
|c ১৯৯০ [এয়োদশ মুদ্রণ ২০১৯]
|
| 300 |
|
|
|a ৭৮ পৃষ্ঠা ;
|c ২২ সে.মি.
|
| 362 |
|
|
|a Vol. 1
|
| 526 |
|
|
|a Residential Campus
|
| 541 |
|
|
|a Development Book Agency
|e 34832
|
| 650 |
|
|
|a Bengali fiction
|z Bangladesh.
|9 32977
|
| 852 |
|
|
|a Savar Campus Library
|c General Stacks
|
| 942 |
|
|
|2 ddc
|c BK
|
| 999 |
|
|
|c 40916
|d 40916
|
| 952 |
|
|
|0 0
|1 0
|2 ddc
|4 0
|6 891_443710000000000_AHM
|7 0
|9 65679
|a SCL
|b SCL
|c GEN
|d 2019-07-17
|e Development Book Agency
|g 105.50
|l 9
|m 5
|o 891.44371 AHM
|p 3020034832
|r 2026-05-08
|s 2026-04-29
|t 1
|v 105.50
|w 2019-07-17
|y BK
|